00399nam a22001457a 4500003000500000005001700005008004100022020001800063040000600081082001400087100002300101245006200124260004200186650002500228CEME20210628202653.0210125b xxu||||| |||| 00| 0 eng d a1-9030-9667-8 c. a620.3 LAL aLalanne, Christian aSinusoidal vibration mechanical vibration and shock vol-1 aINDIAbHPS:HERMS PENTON SCIENCEc2004 aSINUSOIDAL VIBRATION